000 01081nam a2200313Ia 4500
001 Z_707
003 CHAP
008 220113s1987 xx 000 0 und d
010 _a163800
040 _cCHAP
090 _aTesis Z 394
100 _aZaragoza Ramírez, José Luis
_9123684
245 _aProducción y calidad de dos pastos nativos de bosque de Pinus hartweggi Lind en Zoquiapan, Edo. de México /
_cpor José Luis Zaragoza Ramírez
260 _aChapingo, Méx. :
_bEl autor,
_c1987
300 _a61 h. ; gráfs.
502 _aTesis (Ing. Agrónomo Esp. en Zootecnia) -- UACH. Departamento de Zootecnia
650 _aFestuca tolucensis
_940666
650 _aMateria seca
_xDeterminación
_972934
650 _aMuhlenbergía macroura
_979298
650 _aPastos forrajeros
_xDigestibilidad
_986102
650 _aPastos
_xMéxico (Edo.)
_9137675
650 _aUACH.Estación de Enseñanza,Investigación y Servicios Forestales de Zoquiapan
_9137859
901 _aTESIS Z 394
902 _aM
910 _a1987
942 _c2
942 _c2
999 _c163800
_d163800